Statistiques concernant Focus sur: la France

Cliquez ici pour prendre le quiz!

Statistiques générales

  • Ce quiz a été pris 470 fois
    (423 depuis la dernière actualisation)
  • Le résultat moyen est 22 sur 26

Statistiques - réponses

Informations recherchéesRéponses% Correct
Nom des habitants du paysFrançais
99%
Langue officielleFrançais
99%
Frontière terrestre Est 1Allemagne
98%
Frontière terrestre Nord-Est 2Belgique
98%
Couleur du drapeau (milieu)Blanc
98%
Couleur du drapeau (gauche)Bleu
98%
Frontière terrestre Sud 1Espagne
98%
Frontière terrestre Sud-Est 2Italie
98%
CapitaleParis
98%
Couleur du drapeau (droite)Rouge
98%
Frontière terrestre Est 2Suisse
97%
Hymne nationalLa Marseillaise
96%
Frontière terrestre Nord-Est 1Luxembourg
96%
MonnaieEuro
95%
Nom des habitants de la capitaleParisien
95%
Frontière terrestre Sud 2Andorre
93%
Frontière terrestre Sud-Est 1Monaco
91%
Devise nationaleLiberté, Egalité, Fraternité
88%
Frontière d'outre mer 1Brésil
84%
Indicateur téléphonique (métropolitain)+33
80%
Nom completRépublique française
77%
Frontière d'outre mer 2Suriname
74%
Nombre d'habitants (arrondi à la dizaine de million près)67 590 000 habitants
73%
Nombre d'habitants de la capitale (arrondi au million près)2 206 488 habitants
48%
Superficie (arrondi à la centaine de millier de kilomètres carrés près)672 369 kilomètres carrés
48%
Régime politiqueRépublique constitutionnelle unitaire semi-présidentielle
9%

Distribution des résultats

Percentile par nombre de réponses

% des personnes avec chaque résultat

Votre développement - résultats

Vous n’avez pas pris ce quiz depuis la dernière actualisation